Miasta w województwie kujawsko-pomorskim - Statystyki

Ogólne statystyki
  • Ten quiz został rozwiązany 81 razy
  • Średni wynik to 6 z 7
Statystyki odpowiedzi
Miasto Liczba ludności % Poprawnych
Toruń 195 690
100%
Bydgoszcz 330 038
99%
Włocławek 102 102
94%
Inowrocław 68 101
88%
Grudziądz 89 450
83%
Brodnica 28 429
67%
Świecie 24 987
54%
Nie znaleziono quizów pasujących do podanych kryteriów
Rozkład punktacji
Procent ludzi z każdym wynikiem
Percentyl według liczby udzielonych odpowiedzi
Twoja historia wyników
Nie rozwiązałeś tego quizu